Score 0/24 Timer 04:00
5 Plays Today
% Correct
New England Patriots (NFL)
98.9%
Miami Dolphins (NFL)
99%
Washington Redskins (NFL)
94.9%
Arizona Cardinals (NFL)
94.7%
Detroit Lions (NFL)
94.1%
Seattle Seahawks (NFL)
94.1%
Los Angeles Rams (NFL)
93.7%
Cleveland Browns (NFL)
93.1%
Kansas City Chiefs (NFL)
92.3%
Pittsburgh Penguins (NHL)
91.5%
San Francisco Giants (MLB)
90.8%
Boston Bruins (NHL)
87.9%
% Correct
Atlanta Braves (MLB)
85.3%
Tampa Bay Lightning (NHL)
83.9%
Miami Marlins (MLB)
83.4%
Detroit Tigers (MLB)
82.8%
Calgary Flames (NHL)
82.3%
Cincinnati Bengals (NFL)
81.9%
Houston Astros (MLB)
80.9%
Washington Wizards (NBA)
77.4%
Milwaukee Brewers (MLB)
75.8%
Winnipeg Jets (NHL)
75.2%
Ottawa Senators (NHL)
71%
Nashville Predators (NHL)
67.6%

You're not logged in!

Compare scores with friends on all Sporcle quizzes.
OR
Log In

Sporcle TV

Today on Sporcle TV


Watch our educational content, quiz creation guides, and fun videos on Sporcle TV.

Show Comments

Extras

Top Quizzes Today


Score Distribution

Paid Content

Your Account Isn't Verified!

In order to create a playlist on Sporcle, you need to verify the email address you used during registration. Go to your Sporcle Settings to finish the process.

Report this User

Report this user for behavior that violates our Community Guidelines.

Details: